000 00443nam a2200181Ia 4500
001 9790
005 20260306161744.0
008 260306t2006||||xx |||||||||||||| ||spa||
041 _aESP
082 _a461
_bL26 2006
100 _aLarousse (Ed.)
_eAUT
245 0 _aOrtografía. Lengua española:
_breglas y ejercicios
260 _c2006
300 _a316 páginas :
_c23 cm.
650 _aGEN
654 _aCHU
942 _cLIB
_dJUS
_fJUS
_2ddc
_n
999 _c9790
_d9790